000 00809nam a2200241Ia 4500
003 OSt
005 20221005103331.0
006 a|||||r|||| 00| 0
007 ta
008 221004b |||||||| |||| 00| 0 hin d
024 _a30903
037 _cTextual
040 _aCRL
_cCRL
_bhin
041 _2hin
_ahin
082 _aV2:2'N9, 152N2
100 _aसिवाच, जे. आर.
245 0 _aभारत की राजनीतिक व्यवस्था
246 _aBhārat kī rājanītik vyavasthā
260 _aचण्डीगढ़
_bहरियाणा साहित्य अकादमी भारत
_c1992
300 _a555पृ.
_ccm.
942 _hV2:2'N9, 152N2
_cTEXL
_2cc
999 _c1009871
_d1009871